logo

Bir Sreshtho Munshi Abdur Rouf Library
Jhenaidah Cadet College

নিমিখ পানে-১ / (Record no. 11596)

MARC details
000 -LEADER
fixed length control field 00613nam a2200229 a 4500
001 - CONTROL NUMBER
JCCL Control Number 11596
003 - CONTROL NUMBER IDENTIFIER
JCCL marc code BD-JhCC
005 - DATE AND TIME OF LATEST TRANSACTION
control field 20221128134022.0
008 - FIXED-LENGTH DATA ELEMENTS--GENERAL INFORMATION
fixed length control field 200328b20192020bg |||| ||a| 000 0 ben d
020 ## - INTERNATIONAL STANDARD BOOK NUMBER
International Standard Book Number 9789848040294
035 ## - SYSTEM CONTROL NUMBER
system control number (BD-JhCC)11596
040 ## - CATALOGING SOURCE
Original cataloging agency BD-JhCC
Modifying agency BD-JhCC
041 ## - LANGUAGE CODE
Language code of Book ben
082 ## - DEWEY DECIMAL CLASSIFICATION NUMBER
Classification number 510
Author mark and Year HAS 2020
100 ## - MAIN ENTRY--PERSONAL NAME
Personal name হাসান, চমক
245 ## - TITLE STATEMENT
Title নিমিখ পানে-১ /
Statement of responsibility, etc চমক হাসান ।
260 ## - PUBLICATION, DISTRIBUTION, ETC. (IMPRINT)
Place of publication, distribution, etc ঢাকা:
Name of publisher, distributor, etc আদর্শ;
Date of publication, distribution, etc ২০২০.
300 ## - PHYSICAL DESCRIPTION
Pagination 207 p. :
Dimensions 22 cm.
650 ## - SUBJECT ADDED ENTRY--TOPICAL TERM
Topical term or geographic name as entry element Mathe
942 ## - ADDED ENTRY ELEMENTS (KOHA)
Source of classification or shelving scheme Dewey Decimal Classification
Koha item type Books
Koha issues (borrowed), all copies 10
Holdings
Source of classification or shelving scheme Damaged status Not for loan Home library Current library Shelving location Date of accession Cost, normal purchase price Total Checkouts Full call number Barcode Checked out Date last seen Date checked out Copy number Koha item type Source of acquisition
Dewey Decimal Classification     JCC Rouf Library JCC Rouf Library General Stacks 07/01/2020 300.00 11 510 HAS 2020 15763 08/03/2025 07/09/2025 07/09/2025 C-1 Books  
Dewey Decimal Classification     JCC Rouf Library JCC Rouf Library General Stacks 11/02/2020 300.00 9 510 HAS 2020 16200   01/27/2025 11/03/2024 C-2 Books Lt. Gen. Mahfuzur Rahman(10th intake)

JCC Library | Contacts | JCC Home

Last Update on 23 September 2017
Copyright @ 2017-2020 JCC Rouf Library
Rouf Library, Jhenidah Cadet College (JCC), Bangladesh